/ جرنیلی سڑک (Record no. 109530)

MARC details
000 -LEADER
fixed length control field 00759nam a22002297a 4500
005 - DATE AND TIME OF LATEST TRANSACTION
control field 20170123162355.0
010 ## - LIBRARY OF CONGRESS CONTROL NUMBER
LC control number A-442596
020 ## - INTERNATIONAL STANDARD BOOK NUMBER
Terms of availability 100.00
035 ## - SYSTEM CONTROL NUMBER
System control number A-442596
037 ## - SOURCE OF ACQUISITION
Source of stock number/acquisition Cen Lib / Ret
040 ## - CATALOGING SOURCE
Original cataloging agency DPL
Language of cataloging UR
082 ## - DEWEY DECIMAL CLASSIFICATION NUMBER
Classification number 910
Item number ع ا ب
100 ## - MAIN ENTRY--PERSONAL NAME
Personal name عابدی، رضا علی
9 (RLIN) 73
245 ## - TITLE STATEMENT
Title / جرنیلی سڑک
Statement of responsibility, etc رضا علی عابدی
246 ## - VARYING FORM OF TITLE
Title proper/short title Gernaili sarak /
Remainder of title by Raza Ali Abidi
260 ## - PUBLICATION, DISTRIBUTION, ETC. (IMPRINT)
Place of publication, distribution, etc علی گڑھ
Name of publisher, distributor, etc ایجوکیشنل پبلشنگ ہاؤس
Date of publication, distribution, etc 1991
270 ## - ADDRESS
Address مسلم یونیورسٹی مارکٹ
City علی گڑھ
Postal code 202002
300 ## - PHYSICAL DESCRIPTION
Extent 310p.
Dimensions 21cm (Hb)
650 ## - SUBJECT ADDED ENTRY--TOPICAL TERM
Topical term or geographic name as entry element جغرافیہ اور سفر
9 (RLIN) 137777
650 ## - SUBJECT ADDED ENTRY--TOPICAL TERM
Topical term or geographic name as entry element Geography & travel
9 (RLIN) 137779
942 ## - ADDED ENTRY ELEMENTS (KOHA)
Source of classification or shelving scheme Dewey Decimal Classification
Koha item type Urdu Bks
Classification part 910
Call number suffix ع ا ب
Holdings
Withdrawn status Lost status Damaged status Not for loan Home library Current library Date acquired Source of acquisition Cost, normal purchase price Total Checkouts Full call number Barcode Date last seen Copy number Cost, replacement price Price effective from Koha item type
        Central Library Central Library 18/03/2016 Cen Lib/Ref 100.00   910 ع ا ب A-442596 18/03/2016 1 100.00 18/03/2016 Urdu Bks

© Delhi Public Library
Hit Counter
free hit counter